| 000 | 00861cam a2200193 i 4500 | ||
|---|---|---|---|
| 005 | 20251224123936.0 | ||
| 008 | 250721s2008 jo gr 000 0 ara d | ||
| 082 | 1 | 4 |
_a218.62 _bز ه ر |
| 100 | 1 |
_aزهران، عدنان _eمؤلف. |
|
| 245 | 1 | 0 |
_aنهضة الأمة بين عوامل الإنحدار وسبل الإرتقاء : _bنظرة تاريخية تحليلية مقارنة معاصرة / _cد. عدنان زهران ؛ راجعه ووضع حواشيه وقدم له د. عبد الرحيم محمد السلوادي. |
| 250 | _aالطبعة الأولى. | ||
| 264 | 3 | 1 |
_aعمان : _bدار زهران للنشر والتوزيع، _c2008. |
| 300 | _a183 صفحة. | ||
| 650 | 1 | 7 | _aدفع المطاعن عن الاسلام. |
| 650 | 1 | 7 | _aالاسلام. |
| 650 | 1 | 7 | _aالنهضه. |
| 942 |
_2ddc _cBK |
||
| 999 |
_c113365 _d113365 |
||